Kylie Minogue Quiz - Statistics

General Stats
  • This quiz has been taken 118 times
  • The average score is 15 of 19
Answer Stats
Hint Answer % Correct
Country of birth Australia
99%
Her 1987 debut single, which shares its name with a dance The Loco-Motion
93%
1988 song "I Should Be So _____" Lucky
90%
Song from this album known for its "la la la" hook, which has become her best selling single Can't Get You Out of My Head
89%
First name of her sister and fellow singer Dannii
89%
She played Charlene Robinson in this soap opera Neighbours
88%
Type of cancer she was diagnosed with in 2005 Breast Cancer
85%
She collaborated with this British singer on the song "Kids" Robbie Williams
85%
1990 song "Step Back in ____" Time
85%
2000 song "On a _____ Like This" Night
83%
Times she has been married 0
81%
2002 song "Love at _____ _____" First Sight
81%
2001 album that shares its name with a type of sickness Fever
76%
She collaborated with this Australian singer and actor on the song "Especially for You" Jason Donovan
76%
1994 song "_______ in me" Confide
75%
She famously wore gold hotpants in the music video of this 2000 song Spinning Around
74%
2010 album shares its name with this Greek Goddess Aphrodite
73%
She played Susan Riddick in this 2015 disaster film San Andreas
48%
She began playing Carla in 1979 as a child in this Australian period drama The Sullivans
38%
No matching quizzes found
Score Distribution
Percent of People with Each Score
Percentile by Number Answered
Your Score History
You have not taken this quiz